Science Quiz

Random Science or Math Quiz

Pascal's Triangle Quiz Stats

 Plays Quiz Updated Mar 17, 2020

Support Sporcle.
Go Orange.
Score 0/66 Timer 01:30
2 Plays Today
% Correct
  1  
99.7%
  1  
97%
  1  
96.7%
  1  
95.8%
  2  
95.2%
  1  
94.6%
  1  
94.2%
  3  
93.6%
  1  
93.1%
  3  
93.1%
  1  
92.7%
  4  
92.2%
  6  
90.9%
  1  
90.5%
  4  
90.4%
  1  
89.9%
  5  
89.1%
10
86.8%
  1  
86%
10
86%
  5  
85.9%
  1  
85.3%
  6  
84.5%
15
82.7%
20
81.3%
  1  
81%
15
80.9%
  6  
80.8%
  1  
80.1%
  7  
79.2%
21
77.6%
35
76.3%
35
75.4%
% Correct
21
74.9%
 1  
74.8%
 7  
74.7%
 1 
73.8%
 8 
72.9%
28
71%
56
68.5%
70
66.9%
56
65.9%
28
64.9%
 1 
64.4%
 8 
64.4%
 1 
63.2%
 9 
62%
36
58.9%
84
51.9%
126
48.4%
126
46.1%
84
44.2%
36
43.1%
 1 
42.7%
 9 
42.6%
 1 
41.5%
10
39.8%
45
36.2%
120
30.2%
210
24.9%
252
20.1%
210
18.6%
 1 
17.8%
120
17.7%
45
17.3%
10
17.2%

You're not logged in!

Compare scores with friends on all Sporcle quizzes.
OR
Log In

From the Vault

Tiny Almost Useless Trivia XIII

by sproutcm

Grab your brain for a quick trivia quiz of minuscule proportions!
Remove Ads.
Support Sporcle.
Get the best of Sporcle when you Go Orange. This ad-free experience offers more features, more stats, and more fun while also helping to support Sporcle. Thank you for becoming a member.

Show Comments

Extras

Top Quizzes Today


Score Distribution

Your Account Isn't Verified!

In order to create a playlist on Sporcle, you need to verify the email address you used during registration. Go to your Sporcle Settings to finish the process.

Report this User

Report this user for behavior that violates our Community Guidelines.

Details: